000 00423nam a2200169Ia 4500
003 GCL
008 140319s9999 xx 000 0 eng d
040 _aGCL /
_cGCL
082 0 4 _a361.3
_bS C
100 1 _aSMITH, DAVID M.
245 1 0 _aCRIMINOLOGY FOR SOCIAL WORK /
_cSMITH, DAVID M.
260 _a[S.N] :
_bMACMILLAN ،
_c1995
300 _a180 P
650 0 4 _aSOCIAL WORK
650 0 4 _aCRIMINOLOGY
942 _2ddc
_cBK
999 _c10664
_d10664